Комплексирование геофизических методов

Bibliographic Details
Main Author: Бродовой В. В. Владимир Васильевич
Language:Russian
Published: Москва, Недра, 1991
Subjects:
Format: Book
KOHA link:https://koha.lib.tpu.ru/cgi-bin/koha/opac-detail.pl?biblionumber=39012

MARC

LEADER 00000nam0a2200000 4500
001 39012
005 20231031011014.0
035 |a (RuTPU)RU\TPU\book\39846 
090 |a 39012 
100 |a 20020321d1991 m y0rusy50 ca 
101 0 |a rus 
102 |a RU 
105 |a a j 001zy 
200 1 |a Комплексирование геофизических методов  |f В. В. Бродовой 
210 |a Москва  |c Недра  |d 1991 
215 |a 329 с.  |c ил. 
320 |a Библиогр.: с. 328 
451 1 |0 (RuTPU)RU\TPU\book\49307  |t Комплексирование геофизических методов при решении геологических задач  |f В. М. Бондаренко, А. Г. Тархов, В. Е. Бродовой, Т. Н. Симоненко  |g Под ред. В. Е. Никитского, В. В. Бродового  |c М.  |n Недра  |d 1976  |p 495 с. 
610 1 |a геофизические исследования 
610 1 |a комплексирование 
610 1 |a учебники 
675 |a 550.83(075.8)  |v 3 
700 1 |a Бродовой  |b В. В.  |g Владимир Васильевич 
801 1 |a RU  |b 63413507  |c 20020321  |g PSBO 
801 2 |a RU  |b 63413507  |c 20131029  |g PSBO 
900 |a Теоретические основы комплексирования геофизических методов 
900 |a Комплексирование геофизических методов для решения геологических задач 
900 |a Комплексирование геофизических методов при решении геологических задач 
900 |a Комплексирование геофизических методов разведки 
942 |c BK